LIBRARY & INFORMATION CENTRE, KCAET, TAVANUR

ONLINE PUBLIC ACCESS CATALOGUE (OPAC)

Introduction to computer science programming and problem solving with PASCAL / (Record no. 9593)

MARC details
000 -LEADER
fixed length control field 00492cam a2200181ua 4500
041 ## - LANGUAGE CODE
Language code of text/sound track or separate title eng
082 ## - DEWEY DECIMAL CLASSIFICATION NUMBER
Classification number 005.113
Item number GRA/IN
100 ## - MAIN ENTRY--AUTHOR NAME
Personal name Graham, Neill .
245 ## - TITLE STATEMENT
Title Introduction to computer science programming and problem solving with PASCAL /
250 ## - EDITION STATEMENT
Edition statement 4 /
260 ## - PUBLICATION, DISTRIBUTION, ETC. (IMPRINT)
Place of publication Mumbai :
Name of publisher Jaico Publishing House ,
Year of publication 1988.
300 ## - PHYSICAL DESCRIPTION
Number of Pages 519 ; .
942 ## - ADDED ENTRY ELEMENTS (KOHA)
Koha item type Books
Holdings
Withdrawn status Lost status Damaged status Home library Current library Date acquired Full call number Accession Number Koha item type
      KAUAET KAUAET 07/04/2012 005.113 16569 Books
free website counter